Statistiken für Top 15 Länder mit Covid-19-Todesfällen - 15. September

Klicken Sie hier um das Quiz zu spielen!

Allgemein

  • Dieses Quiz wurde 8 mal gespielt
  • Das Durchschnittsergebnis liegt bei 13 aus 20

Antwortstatistiken

Land% Korrekt
Indien
100%
Vereinigte Staaten
100%
Brasilien
88%
Italien
88%
Mexiko
88%
Südafrika
88%
Frankreich
75%
Russland
75%
Spanien
75%
Vereinigtes Königreich
75%
Argentinien
63%
Chile
63%
Iran
63%
Kolumbien
63%
Peru
63%
Schweden
63%
Belgien
50%
Bolivien
25%
Ecuador
25%
Panama
13%

Verteilung der Resultate

Perzentil nach korrekt beantworteten Fragen

Anzahl Personen mit jedem Resultat

Ihre Resultats-Entwicklung

Sie haben dieses Quiz noch nicht gespielt